000 00860nas a2200289 4500
001 BR0601769
003 BR-BrBNA
005 20231205105952.0
007 ta
008 230509b bl.|||p| |||| 00| 00por d
040 _aBR-BrBNA
_bpor
_cBiblioteca Nacional de Agricultura
041 _a(Pt)
072 _aF30
100 1 _aMarques, D.G.
100 1 _aPerecin, D.
100 1 _aLima, C.C. e
100 1 _aGonçalves, L.P.F.
245 1 _aControle de qualidade em experimentos de competição de cana-de-açúcar
650 _aCANA DE AÇÚCAR
650 _aCONTROLE DE QUALIDADE
650 _aMÉTODO ESTATÍSTICO
650 _aPRODUTIVIDADE
650 _aVARIEDADE
773 0 _tRevista Científica Rural (Brazil)
_xISSN 1413-8263
_g(2005), v. 10(2) p. 116-122
_wBR0601769
909 _a202311
_bLúcia
_c55
_dLúcia Elande
942 _2AGRIS
_n0
_cANA
999 _c185605
_d185605